Govt. of
Madhya Pradesh

Science Quiz (Record no. 693)

MARC details
000 -LEADER
fixed length control field 003100000a22001570004500
001 - CONTROL NUMBER
control field 000693
003 - CONTROL NUMBER IDENTIFIER
control field MACL
040 ## - CATALOGING SOURCE
Original cataloging agency MACL
090 ## - LOCALLY ASSIGNED LC-TYPE CALL NUMBER (OCLC); LOCAL CALL NUMBER (RLIN)
-- 693
-- 693
100 ## - MAIN ENTRY--PERSONAL NAME
Personal name Rai, Away
245 ## - TITLE STATEMENT
Title Science Quiz
Statement of responsibility, etc. Away Rai
260 ## - PUBLICATION, DISTRIBUTION, ETC. (IMPRINT)
Place of publication, distribution, etc. Tarang Publications,
Date of publication, distribution, etc. 1998
350 ## - PRICE (NR) (BK AM CF MU VM SE) [OBSOLETE]
Price 50
650 ## - SUBJECT ADDED ENTRY--TOPICAL TERM
Topical term or geographic name as entry element Science
942 ## - ADDED ENTRY ELEMENTS (KOHA)
Call number prefix 500
Koha item type Library Membar
Holdings
Withdrawn status Lost status Damaged status Not for loan Home library Current library Date acquired Total Checkouts Full call number Barcode Date last seen Uniform Resource Identifier Price effective from Koha item type
        MACL MACL     500 Book CRE11440 29/04/2015 692 15/04/2015 Books